| 000 | 00000nam 2200000za 4500 |
| 001 | 9.856188 |
| 003 | CaOODSP |
| 005 | 20221107155501 |
| 007 | cr ||||||||||| |
| 008 | 180504s2018 onc #o f|0| 0 eng d |
| 040 | |aCaOODSP|beng |
| 043 | |an-cn--- |
| 086 | 1 |aXC49-1/1-421-9E-PDF |
| 110 | 1 |aCanada. |bParliament. |bHouse of Commons. |bStanding Committee on Natural Resources. |
| 245 | 10|aValue-added products in Canada's forest sector |h[electronic resource] : |bcultivating innovation for a competitive bioeconomy / |cJames Maloney, chair. |
| 260 | |a[Ottawa] : |bHouse of Commons, |c2018. |
| 300 | |avii, 37 p. |
| 490 | 1 |aReport of the Standing Committee on Natural Resources ; |v9th report, 42nd Parliament, 1st session |
| 500 | |aIssued also in French under title: Produits à valeur ajoutée dans le secteur forestier canadien : cultiver l'innovation pour assurer la compétitivité de la bioéconomie. |
| 500 | |a"May 2018." |
| 500 | |aOriginal published on: 2018/05/04. Republished on: 2018/06/06, 2018/08/23. |
| 692 | 07|2gccst|aForestry industry |
| 692 | 07|2gccst|aForestry products |
| 700 | 1 |aMaloney, James Victor. |
| 775 | 08|tProduits à valeur ajoutée dans le secteur forestier canadien |w(CaOODSP)9.856190 |
| 830 | #0|aReport of the Standing Committee on Natural Resources ;|v9th report, 42nd Parliament, 1st session|w(CaOODSP)9.507014 |
| 856 | 40|qPDF|s6.97 MB|uhttps://publications.gc.ca/collections/collection_2018/parl/xc49-1/XC49-1-1-421-9-eng.pdf |